Odsłoń Flagi - Statystyki

Ogólne statystyki
  • Ten quiz został rozwiązany 75 razy
  • Średni wynik to 12 z 16
Odpowiedzi na mapie
Odpowiedzi zakodowano w zielono-czerwonej skali na mapie do tego quizu, zgodnie z poniższymi procentami.
 
Statystyki odpowiedzi
Państwo % Poprawnych
Wielka Brytania
100%
Francja
93%
Nowa Zelandia
84%
Barbados
80%
Nigeria
76%
Chiny
75%
Izrael
75%
Kamerun
75%
Południowa Afryka
75%
Szwajcaria
75%
Turcja
75%
Włochy
75%
Jamajka
73%
Korea Północna
73%
Wenezuela
73%
Liberia
67%
Nie znaleziono quizów pasujących do podanych kryteriów
Rozkład punktacji
Procent ludzi z każdym wynikiem
Percentyl według liczby udzielonych odpowiedzi
Twoja historia wyników
Nie rozwiązałeś tego quizu